Kadra Argentyny na mundial 2022 - Statystyki

Ogólne statystyki
  • Ten quiz został rozwiązany 133 razy
    70 od ostatniego zresetowania
  • Średni wynik to 16 z 26
Statystyki odpowiedzi
Pozycja Zawodnik % Poprawnych
Bramkarz Emiliano Martínez
100%
Napastnik Lautaro Martínez
100%
Napastnik Lionel Messi
100%
Obrońca Lisandro Martínez
100%
Obrońca Nicolas Otamendi
82%
Napastnik Angel di Maria
81%
Napastnik Julian Alvarez
81%
Pomocnik Rodrigo de Paul
81%
Pomocnik Enzo Fernandez
77%
Napastnik Paulo Dybala
77%
Pomocnik Alexis Mac Allister
72%
Obrońca Gonzalo Montiel
70%
Obrońca Marcos Acuna
70%
Obrońca Nahuel Molina
63%
Obrońca Christian Romero
61%
Pomocnik Leandro Paredes
54%
Obrońca Nicolas Tagliafico
54%
Bramkarz Geronimo Rulli
51%
Bramkarz Franco Armani
35%
Pomocnik Guido Rodriguez
35%
Obrońca Juan Foyth
33%
Pomocnik Exequiel Palacios
32%
Pomocnik Alejandro Gomez
30%
Obrońca German Pezzella
30%
Pomocnik Thiago Almada
28%
Napastnik Angel Correa
26%
Nie znaleziono quizów pasujących do podanych kryteriów
Rozkład punktacji
Procent ludzi z każdym wynikiem
Percentyl według liczby udzielonych odpowiedzi
Twoja historia wyników
Nie rozwiązałeś tego quizu od ostatniego zresetowania